Vista normal
Vista MARC
Entrada Topical Term
Número de registros utilizados en: 1
001 - CONTROL NUMBER
- control field: 59286
003 - CONTROL NUMBER IDENTIFIER
- control field: Utea
005 - DATE AND TIME OF LATEST TRANSACTION
- control field: 20250912104829.0
008 - FIXED-LENGTH DATA ELEMENTS
- fixed length control field: 250912|| aca||aabn | a|a d
040 ## - CATALOGING SOURCE
- Original cataloging agency: Utea
- Transcribing agency: Utea
150 ## - HEADING--TOPICAL TERM
- Topical term or geographic name entry element: NEUROPEDAGOGIA
670 ## - SOURCE DATA FOUND
- Source citation: Work cat.: (Utea)17256: Oritz, Tomás Autor 59285, Neurociencia en la escuela : , 2021